Golondrina de Invierno

Guardat en:
Dades bibliogràfiques
Autor principal: Silva, Víctor Domingo (Autor)
Format: Llibre
Idioma:espanyol
Publicat: Santiago Nascimento 1980
Edició:22a. ed
Matèries:
Etiquetes: Afegir etiqueta
Sense etiquetes, Sigues el primer a etiquetar aquest registre!

MARC

LEADER 00000nam a2200000 a 4500
001 UCQ2322
003 CL-VaPUC
008 980724e19800000CL |||||||||||||||||spa|d
082 0 4 |a Ch863  |b SIL  |2 21 
100 0 |a Silva, Víctor Domingo  |e author  |9 416214 
245 1 0 |a Golondrina de Invierno 
250 |a 22a. ed 
300 |a 303 p 
942 |c BK 
945 |d 19980724 00:00:00  |a lriquelm 
260 |a Santiago  |b Nascimento  |c 1980 
650 0 |a Novelas chilenas   |9 265425 
650 0 |a Literatura chilena   |9 308278 
650 0 |a Prosa chilena   |9 267787 
650 0 |a Formas y géneros literarios  |9 324031 
583 |a last modification  |c 19980724 00:00:00  |k Rodrigo Vera 
999 |c 273153  |d 273151 
952 |0 0  |1 0  |4 0  |6 CH_863_000000000000000_SIL_1980  |7 0  |8 A  |9 308505  |a BIBEDU  |b BIBEDU  |d 2019-11-20  |i 1446789  |o Ch863 SIL 1980  |p 1446789  |r 2019-11-20  |w 2019-11-20  |y BK  |k LIT 
952 |0 0  |1 0  |4 0  |6 CH_863_000000000000000_SIL_1980  |7 0  |8 A  |9 308506  |a BIBEDU  |b BIBEDU  |d 2019-11-20  |i 1446738  |o Ch863 SIL 1980  |p 1446738  |r 2019-11-20  |w 2019-11-20  |y BK  |k LIT